[Event "DEM U10w 2023"]
[Site "Willingen GER"]
[Date "2023.06.02"]
[Round "9"]
[White "Kübart, Ela Marie"]
[Black "Bharathula, Akhila"]
[Result "0-1"]
[Termination "normal"]
[Board "9"]
[WhiteElo "1198"]
[BlackElo "1117"]
[WhiteClock "00:43:44"]
[BlackClock "00:52:21"]
[PlyCount "86"]
[WhiteFideId "34633723"]
[BlackFideId "34641777"]
[EventCountry "GER"]
[EventRounds "11"]
[EventType "swiss"]
[EventDate "2023.05.27"]

1. c4 {[%clk 01:15:58]} {[%emt 00:00:01]} b6 {[%clk 01:15:52]} {[%emt
00:00:08]} 2. Nc3 {[%clk 01:16:19]} {[%emt 00:00:08]} Bb7 {[%clk 01:16:12]}
{[%emt 00:00:12]} 3. e4 {[%clk 01:16:18]} {[%emt 00:00:29]} e5 {[%clk
01:15:26]} {[%emt 00:01:17]} 4. g3 {[%clk 01:16:26]} {[%emt 00:00:18]} Nf6
{[%clk 01:14:26]} {[%emt 00:01:34]} 5. Bg2 {[%clk 01:16:47]} {[%emt 00:00:09]}
Nc6 {[%clk 01:13:11]} {[%emt 00:01:45]} 6. Nge2 {[%clk 01:17:00]} {[%emt
00:00:17]} Bc5 {[%clk 01:12:06]} {[%emt 00:01:34]} 7. O-O {[%clk 01:17:07]}
{[%emt 00:00:24]} O-O {[%clk 01:11:48]} {[%emt 00:00:49]} 8. d3 {[%clk
01:17:26]} {[%emt 00:00:10]} h6 {[%clk 01:11:25]} {[%emt 00:00:53]} 9. Be3
{[%clk 01:16:53]} {[%emt 00:01:01]} Be7 {[%clk 01:11:06]} {[%emt 00:00:50]} 10.
Rc1 {[%clk 01:15:11]} {[%emt 00:02:14]} a6 {[%clk 01:08:08]} {[%emt 00:03:28]}
11. Qb3 {[%clk 01:14:25]} {[%emt 00:01:14]} Nb4 {[%clk 01:06:03]} {[%emt
00:02:35]} 12. Rfd1 {[%clk 01:14:10]} {[%emt 00:00:46]} Qc8 {[%clk 00:57:08]}
{[%emt 00:09:25]} 13. a3 {[%clk 01:14:19]} {[%emt 00:00:21]} Nc6 {[%clk
00:56:53]} {[%emt 00:00:45]} 14. d4 {[%clk 01:12:54]} {[%emt 00:01:55]} Na5
{[%clk 00:54:43]} {[%emt 00:02:40]} 15. Qa2 {[%clk 01:11:18]} {[%emt 00:02:04]}
exd4 {[%clk 00:54:05]} {[%emt 00:01:11]} 16. Rxd4 {[%clk 01:08:34]} {[%emt
00:03:14]} c5 {[%clk 00:53:02]} {[%emt 00:01:33]} 17. Rd3 {[%clk 01:07:02]}
{[%emt 00:02:01]} b5 {[%clk 00:52:24]} {[%emt 00:01:09]} 18. cxb5 {[%clk
01:06:54]} {[%emt 00:00:36]} axb5 {[%clk 00:52:14]} {[%emt 00:00:42]} 19. e5
{[%clk 00:59:26]} {[%emt 00:07:56]} Ng4 {[%clk 00:50:17]} {[%emt 00:02:28]} 20.
Bxb7 {[%clk 00:55:55]} {[%emt 00:04:01]} Qxb7 {[%clk 00:50:29]} {[%emt
00:00:18]} 21. Nd5 {[%clk 00:53:37]} {[%emt 00:02:47]} Bd8 {[%clk 00:48:31]}
{[%emt 00:02:29]} 22. Bxc5 {[%clk 00:51:42]} {[%emt 00:02:25]} Nxe5 {[%clk
00:48:02]} {[%emt 00:00:59]} 23. Bxf8 {[%clk 00:49:43]} {[%emt 00:02:28]} Nxd3
{[%clk 00:48:24]} {[%emt 00:00:09]} 24. Rd1 {[%clk 00:48:38]} {[%emt 00:01:35]}
Nxf2 {[%clk 00:48:11]} {[%emt 00:00:42]} 25. Kxf2 {[%clk 00:48:02]} {[%emt
00:01:02]} Kxf8 {[%clk 00:48:29]} {[%emt 00:00:17]} 26. b4 {[%clk 00:46:55]}
{[%emt 00:01:34]} Nc4 {[%clk 00:47:54]} {[%emt 00:01:08]} 27. Rd3 {[%clk
00:45:36]} {[%emt 00:01:48]} Nxa3 {[%clk 00:47:30]} {[%emt 00:00:55]} 28. Rxa3
{[%clk 00:43:46]} {[%emt 00:02:19]} Rxa3 {[%clk 00:47:56]} {[%emt 00:00:05]}
29. Qxa3 {[%clk 00:43:37]} {[%emt 00:00:38]} Qxd5 {[%clk 00:48:21]} {[%emt
00:00:06]} 30. Nc3 {[%clk 00:43:27]} {[%emt 00:00:37]} Bb6+ {[%clk 00:50:21]}
{[%emt 00:01:10]} 31. Kf1 {[%clk 00:43:49]} {[%emt 00:00:59]} Qf3+ {[%clk
00:50:15]} {[%emt 00:00:37]} 32. Ke1 {[%clk 00:43:53]} {[%emt 00:00:25]} Bf2+
{[%clk 00:50:33]} {[%emt 00:00:13]} 33. Kd2 {[%clk 00:43:53]} {[%emt 00:00:29]}
Bd4 {[%clk 00:50:49]} {[%emt 00:00:15]} 34. Kc2 {[%clk 00:44:03]} {[%emt
00:00:18]} Qf2+ {[%clk 00:50:34]} {[%emt 00:00:46]} 35. Kb3 {[%clk 00:43:25]}
{[%emt 00:01:09]} Bxc3 {[%clk 00:50:23]} {[%emt 00:00:41]} 36. Qa8+ {[%clk
00:42:53]} {[%emt 00:01:02]} Ke7 {[%clk 00:50:46]} {[%emt 00:00:07]} 37. Qe4+
{[%clk 00:43:03]} {[%emt 00:00:17]} Kd6 {[%clk 00:50:56]} {[%emt 00:00:22]} 38.
Kxc3 {[%clk 00:42:25]} {[%emt 00:01:08]} Qf6+ {[%clk 00:50:37]} {[%emt
00:00:49]} 39. Kb3 {[%clk 00:42:39]} {[%emt 00:00:14]} Qe6+ {[%clk 00:50:58]}
{[%emt 00:00:12]} 40. Qxe6+ {[%clk 00:42:45]} {[%emt 00:00:24]} dxe6 {[%clk
00:51:19]} {[%emt 00:00:09]} 41. Kc3 {[%clk 00:43:05]} {[%emt 00:00:10]} Kd5
{[%clk 00:51:44]} {[%emt 00:00:05]} 42. Kd3 {[%clk 00:43:24]} {[%emt 00:00:10]}
g5 {[%clk 00:52:02]} {[%emt 00:00:13]} 43. h3 {[%clk 00:43:44]} {[%emt
00:00:10]} f5 {[%clk 00:52:21]} {[%emt 00:00:12]} 0-1

[Event "DEM U10w 2023"]
[Site "Willingen GER"]
[Date "2023.06.02"]
[Round "9"]
[White "Bayer, Klara"]
[Black "Trush, Diana"]
[Result "1/2-1/2"]
[Termination "normal"]
[Board "10"]
[WhiteElo "1043"]
[BlackElo "1002"]
[WhiteClock "00:35:01"]
[BlackClock "00:40:05"]
[PlyCount "147"]
[WhiteFideId "34658955"]
[BlackFideId "34644091"]
[EventCountry "GER"]
[EventRounds "11"]
[EventType "swiss"]
[EventDate "2023.05.27"]

1. e4 {[%clk 01:15:58]} {[%emt 00:00:01]} e5 {[%clk 01:15:49]} {[%emt
00:00:09]} 2. Nf3 {[%clk 01:16:23]} {[%emt 00:00:07]} Nc6 {[%clk 01:16:03]}
{[%emt 00:00:17]} 3. Bc4 {[%clk 01:16:46]} {[%emt 00:00:07]} Be7 {[%clk
01:16:16]} {[%emt 00:00:16]} 4. Nc3 {[%clk 01:16:35]} {[%emt 00:00:41]} Nf6
{[%clk 01:16:06]} {[%emt 00:00:39]} 5. O-O {[%clk 01:16:51]} {[%emt 00:00:15]}
d6 {[%clk 01:16:23]} {[%emt 00:00:13]} 6. h3 {[%clk 01:16:39]} {[%emt
00:00:42]} Be6 {[%clk 01:16:15]} {[%emt 00:00:38]} 7. Bb3 {[%clk 01:16:36]}
{[%emt 00:00:33]} Qd7 {[%clk 01:12:53]} {[%emt 00:03:52]} 8. d4 {[%clk
01:12:32]} {[%emt 00:04:33]} exd4 {[%clk 01:12:08]} {[%emt 00:01:16]} 9. Nxd4
{[%clk 01:12:44]} {[%emt 00:00:18]} Bxh3 {[%clk 01:06:28]} {[%emt 00:06:09]}
10. gxh3 {[%clk 01:12:31]} {[%emt 00:00:43]} Qxh3 {[%clk 01:06:33]} {[%emt
00:00:27]} 11. Qf3 {[%clk 01:10:52]} {[%emt 00:02:08]} Qh4 {[%clk 01:05:34]}
{[%emt 00:01:29]} 12. Nf5 {[%clk 01:07:12]} {[%emt 00:04:10]} Qg4+ {[%clk
01:04:37]} {[%emt 00:01:27]} 13. Qxg4 {[%clk 01:07:26]} {[%emt 00:00:16]} Nxg4
{[%clk 01:05:06]} {[%emt 00:00:01]} 14. Nxg7+ {[%clk 01:07:27]} {[%emt
00:00:29]} Kd8 {[%clk 01:05:11]} {[%emt 00:00:25]} 15. Bxf7 {[%clk 01:04:38]}
{[%emt 00:03:18]} Rf8 {[%clk 01:02:21]} {[%emt 00:03:20]} 16. Ne6+ {[%clk
01:04:40]} {[%emt 00:00:30]} Kd7 {[%clk 01:02:31]} {[%emt 00:00:20]} 17. Nxf8+
{[%clk 01:04:59]} {[%emt 00:00:10]} Rxf8 {[%clk 01:03:00]} {[%emt 00:00:01]}
18. Bd5 {[%clk 01:04:41]} {[%emt 00:00:47]} Rf6 {[%clk 01:02:40]} {[%emt
00:00:50]} 19. Bxc6+ {[%clk 01:04:12]} {[%emt 00:01:00]} bxc6 {[%clk 01:03:02]}
{[%emt 00:00:08]} 20. Bg5 {[%clk 01:04:30]} {[%emt 00:00:12]} Rg6 {[%clk
01:03:11]} {[%emt 00:00:22]} 21. Kg2 {[%clk 01:01:41]} {[%emt 00:03:18]} Rxg5
{[%clk 01:03:17]} {[%emt 00:00:23]} 22. Kf3 {[%clk 01:01:24]} {[%emt 00:00:48]}
Nh2+ {[%clk 01:03:36]} {[%emt 00:00:12]} 23. Ke3 {[%clk 01:00:42]} {[%emt
00:01:11]} Nxf1+ {[%clk 01:03:56]} {[%emt 00:00:11]} 24. Rxf1 {[%clk 01:01:03]}
{[%emt 00:00:08]} d5 {[%clk 01:04:08]} {[%emt 00:00:18]} 25. exd5 {[%clk
01:00:21]} {[%emt 00:01:13]} cxd5 {[%clk 01:04:33]} {[%emt 00:00:05]} 26. Rd1
{[%clk 01:00:13]} {[%emt 00:00:37]} c6 {[%clk 01:04:56]} {[%emt 00:00:08]} 27.
Ne2 {[%clk 00:59:24]} {[%emt 00:01:18]} h5 {[%clk 01:04:32]} {[%emt 00:00:55]}
28. f4 {[%clk 00:59:40]} {[%emt 00:00:14]} Rf5 {[%clk 00:59:13]} {[%emt
00:05:49]} 29. Nd4 {[%clk 00:58:55]} {[%emt 00:01:15]} Bc5 {[%clk 00:59:33]}
{[%emt 00:00:10]} 30. b4 {[%clk 00:58:35]} {[%emt 00:00:49]} Bb6 {[%clk
00:59:07]} {[%emt 00:00:56]} 31. a4 {[%clk 00:57:58]} {[%emt 00:01:07]} a6
{[%clk 00:59:16]} {[%emt 00:00:21]} 32. a5 {[%clk 00:57:47]} {[%emt 00:00:41]}
Ba7 {[%clk 00:59:32]} {[%emt 00:00:14]} 33. Kf3 {[%clk 00:57:05]} {[%emt
00:01:13]} Rf6 {[%clk 00:59:13]} {[%emt 00:00:48]} 34. c4 {[%clk 00:55:52]}
{[%emt 00:01:43]} Rh6 {[%clk 00:55:27]} {[%emt 00:04:16]} 35. cxd5 {[%clk
00:55:32]} {[%emt 00:00:50]} cxd5 {[%clk 00:55:56]} {[%emt 00:00:01]} 36. Ne2
{[%clk 00:54:00]} {[%emt 00:02:02]} Kd6 {[%clk 00:56:11]} {[%emt 00:00:16]} 37.
Nc3 {[%clk 00:52:41]} {[%emt 00:01:49]} d4 {[%clk 00:55:53]} {[%emt 00:00:47]}
38. Ne4+ {[%clk 00:51:22]} {[%emt 00:01:49]} Kd5 {[%clk 00:55:20]} {[%emt
00:01:03]} 39. Nc3+ {[%clk 00:49:05]} {[%emt 00:02:47]} Kc4 {[%clk 00:49:10]}
{[%emt 00:06:41]} 40. Ne2 {[%clk 00:48:27]} {[%emt 00:01:06]} h4 {[%clk
00:49:10]} {[%emt 00:00:31]} 41. Kg4 {[%clk 00:46:18]} {[%emt 00:02:38]} h3
{[%clk 00:48:34]} {[%emt 00:01:08]} 42. Kg3 {[%clk 00:46:18]} {[%emt 00:00:29]}
d3 {[%clk 00:48:17]} {[%emt 00:00:47]} 43. Rc1+ {[%clk 00:45:22]} {[%emt
00:01:27]} Kb3 {[%clk 00:48:10]} {[%emt 00:00:34]} 44. Rc3+ {[%clk 00:44:12]}
{[%emt 00:01:42]} Kb2 {[%clk 00:48:22]} {[%emt 00:00:18]} 45. Rxd3 {[%clk
00:44:25]} {[%emt 00:00:17]} h2 {[%clk 00:48:42]} {[%emt 00:00:10]} 46. Rd2+
{[%clk 00:44:19]} {[%emt 00:00:36]} Kb3 {[%clk 00:48:45]} {[%emt 00:00:27]} 47.
Nc1+ {[%clk 00:42:48]} {[%emt 00:02:01]} Kxb4 {[%clk 00:48:19]} {[%emt
00:00:57]} 48. Rxh2 {[%clk 00:42:58]} {[%emt 00:00:19]} Rxh2 {[%clk 00:48:47]}
{[%emt 00:00:02]} 49. Kxh2 {[%clk 00:43:18]} {[%emt 00:00:10]} Kxa5 {[%clk
00:49:09]} {[%emt 00:00:08]} 50. f5 {[%clk 00:43:37]} {[%emt 00:00:10]} Bc5
{[%clk 00:48:36]} {[%emt 00:01:04]} 51. Nd3 {[%clk 00:43:44]} {[%emt 00:00:23]}
Bd6+ {[%clk 00:48:29]} {[%emt 00:00:37]} 52. Kg2 {[%clk 00:44:02]} {[%emt
00:00:12]} Kb5 {[%clk 00:48:43]} {[%emt 00:00:16]} 53. Kf3 {[%clk 00:43:53]}
{[%emt 00:00:39]} a5 {[%clk 00:48:59]} {[%emt 00:00:14]} 54. Ke2 {[%clk
00:44:17]} {[%emt 00:00:05]} Ka4 {[%clk 00:48:32]} {[%emt 00:00:58]} 55. Kd2
{[%clk 00:44:11]} {[%emt 00:00:36]} Kb3 {[%clk 00:44:00]} {[%emt 00:05:01]} 56.
Nc1+ {[%clk 00:43:38]} {[%emt 00:01:05]} Kb2 {[%clk 00:43:54]} {[%emt
00:00:36]} 57. Nd3+ {[%clk 00:43:06]} {[%emt 00:01:01]} Kb1 {[%clk 00:43:33]}
{[%emt 00:00:51]} 58. Kc3 {[%clk 00:41:55]} {[%emt 00:01:41]} a4 {[%clk
00:43:54]} {[%emt 00:00:10]} 59. Nb4 {[%clk 00:40:36]} {[%emt 00:01:48]} Be7
{[%clk 00:42:46]} {[%emt 00:01:39]} 60. Kc4 {[%clk 00:39:58]} {[%emt 00:01:07]}
Kb2 {[%clk 00:43:03]} {[%emt 00:00:13]} 61. Nd3+ {[%clk 00:39:52]} {[%emt
00:00:36]} Kb1 {[%clk 00:42:24]} {[%emt 00:01:08]} 62. Ne1 {[%clk 00:36:52]}
{[%emt 00:03:30]} a3 {[%clk 00:42:38]} {[%emt 00:00:17]} 63. Kb3 {[%clk
00:37:04]} {[%emt 00:00:18]} Bb4 {[%clk 00:42:24]} {[%emt 00:00:44]} 64. Nc2
{[%clk 00:37:05]} {[%emt 00:00:29]} a2 {[%clk 00:42:43]} {[%emt 00:00:11]} 65.
f6 {[%clk 00:37:15]} {[%emt 00:00:20]} Bc5 {[%clk 00:42:08]} {[%emt 00:01:05]}
66. f7 {[%clk 00:36:36]} {[%emt 00:01:08]} Bb4 {[%clk 00:39:32]} {[%emt
00:03:07]} 67. Kxb4 {[%clk 00:35:50]} {[%emt 00:01:16]} Kxc2 {[%clk 00:39:50]}
{[%emt 00:00:12]} 68. f8=Q {[%clk 00:35:58]} {[%emt 00:00:22]} a1=Q {[%clk
00:40:09]} {[%emt 00:00:12]} 69. Qf2+ {[%clk 00:36:12]} {[%emt 00:00:15]} Kd3
{[%clk 00:40:13]} {[%emt 00:00:27]} 70. Qf3+ {[%clk 00:36:08]} {[%emt
00:00:33]} Kd2 {[%clk 00:40:02]} {[%emt 00:00:41]} 71. Qd5+ {[%clk 00:36:17]}
{[%emt 00:00:19]} Kc2 {[%clk 00:39:39]} {[%emt 00:00:55]} 72. Qe4+ {[%clk
00:35:53]} {[%emt 00:00:53]} Kd2 {[%clk 00:39:44]} {[%emt 00:00:26]} 73. Qf4+
{[%clk 00:35:01]} {[%emt 00:01:22]} Kc2 {[%clk 00:40:05]} {[%emt 00:00:10]} 74.
Kc4 {[%emt 00:01:47]} 1/2-1/2

[Event "DEM U10w 2023"]
[Site "Willingen GER"]
[Date "2023.06.02"]
[Round "9"]
[White "Guruprasad, Aditi"]
[Black "Lukas, Olivia"]
[Result "0-1"]
[Termination "normal"]
[Board "11"]
[WhiteElo "893"]
[BlackElo "1288"]
[WhiteClock "00:18:45"]
[BlackClock "00:10:10"]
[PlyCount "106"]
[BlackFideId "34632239"]
[EventCountry "GER"]
[EventRounds "11"]
[EventType "swiss"]
[EventDate "2023.05.27"]

1. Nf3 {[%clk 01:15:58]} {[%emt 00:00:02]} d5 {[%clk 01:15:39]} {[%emt
00:00:22]} 2. d4 {[%clk 01:16:21]} {[%emt 00:00:06]} e6 {[%clk 01:15:57]}
{[%emt 00:00:12]} 3. c4 {[%clk 01:16:44]} {[%emt 00:00:08]} c5 {[%clk
01:16:07]} {[%emt 00:00:20]} 4. Nc3 {[%clk 01:14:18]} {[%emt 00:02:55]} Nf6
{[%clk 01:16:23]} {[%emt 00:00:14]} 5. Bg5 {[%clk 01:13:12]} {[%emt 00:01:36]}
Be7 {[%clk 01:11:27]} {[%emt 00:05:26]} 6. Qc2 {[%clk 01:09:46]} {[%emt
00:03:23]} b6 {[%clk 01:10:08]} {[%emt 00:02:22]} 7. e3 {[%clk 01:07:49]}
{[%emt 00:02:27]} Bb7 {[%clk 01:09:13]} {[%emt 00:01:24]} 8. cxd5 {[%clk
01:00:16]} {[%emt 00:08:04]} Nxd5 {[%clk 01:07:09]} {[%emt 00:02:33]} 9. Bxe7
{[%clk 00:58:47]} {[%emt 00:01:59]} Qxe7 {[%clk 01:05:50]} {[%emt 00:01:49]}
10. Nxd5 {[%clk 00:58:45]} {[%emt 00:00:34]} exd5 {[%clk 01:05:08]} {[%emt
00:01:11]} 11. Be2 {[%clk 00:52:30]} {[%emt 00:06:00]} O-O {[%clk 01:02:16]}
{[%emt 00:04:08]} 12. O-O {[%clk 00:51:31]} {[%emt 00:01:28]} Nc6 {[%clk
01:01:01]} {[%emt 00:01:45]} 13. a3 {[%clk 00:48:31]} {[%emt 00:03:30]} Rfe8
{[%clk 00:59:34]} {[%emt 00:01:56]} 14. Rfe1 {[%clk 00:42:50]} {[%emt
00:06:11]} Rac8 {[%clk 00:54:56]} {[%emt 00:05:09]} 15. Bd3 {[%clk 00:37:21]}
{[%emt 00:05:54]} h6 {[%clk 00:51:31]} {[%emt 00:04:00]} 16. Rac1 {[%clk
00:36:07]} {[%emt 00:01:43]} c4 {[%clk 00:50:04]} {[%emt 00:01:58]} 17. Bf1
{[%clk 00:33:51]} {[%emt 00:02:18]} b5 {[%clk 00:48:26]} {[%emt 00:02:37]} 18.
Re2 {[%clk 00:29:14]} {[%emt 00:05:06]} a6 {[%clk 00:47:45]} {[%emt 00:01:11]}
19. Ra1 {[%clk 00:27:20]} {[%emt 00:02:24]} Qd7 {[%clk 00:41:49]} {[%emt
00:06:25]} 20. b3 {[%clk 00:25:55]} {[%emt 00:01:55]} Rc7 {[%emt 00:04:23]} 21.
bxc4 {[%clk 00:25:01]} {[%emt 00:01:07]} bxc4 {[%clk 00:38:02]} {[%emt
00:00:42]} 22. Rae1 {[%clk 00:22:25]} {[%emt 00:02:56]} Qd6 {[%clk 00:31:17]}
{[%emt 00:07:25]} 23. Qc3 {[%clk 00:20:24]} {[%emt 00:02:27]} Qg6 {[%clk
00:24:16]} {[%emt 00:07:35]} 24. g3 {[%clk 00:19:53]} {[%emt 00:01:01]} Bc8
{[%clk 00:22:58]} {[%emt 00:01:48]} 25. Nh4 {[%clk 00:19:24]} {[%emt 00:00:54]}
Qg5 {[%clk 00:21:37]} {[%emt 00:01:55]} 26. Bg2 {[%clk 00:18:48]} {[%emt
00:01:06]} Re6 {[%clk 00:19:13]} {[%emt 00:02:49]} 27. f4 {[%clk 00:17:50]}
{[%emt 00:01:34]} Qd8 {[%clk 00:18:51]} {[%emt 00:00:51]} 28. Bh3 {[%clk
00:16:40]} {[%emt 00:00:34]} Re4 {[%clk 00:17:17]} {[%emt 00:03:11]} 29. Bxc8
{[%clk 00:16:58]} {[%emt 00:00:12]} Qxc8 {[%clk 00:16:52]} {[%emt 00:00:54]}
30. Kf2 {[%clk 00:16:45]} {[%emt 00:00:43]} Qh3 {[%clk 00:16:17]} {[%emt
00:01:04]} 31. Rh1 {[%clk 00:16:31]} {[%emt 00:00:44]} Rce7 {[%clk 00:14:50]}
{[%emt 00:01:59]} 32. Qc1 {[%clk 00:16:01]} {[%emt 00:00:58]} Nxd4 {[%clk
00:12:38]} {[%emt 00:02:44]} 33. Ree1 {[%clk 00:15:42]} {[%emt 00:00:49]} Nf5
{[%clk 00:10:58]} {[%emt 00:02:11]} 34. Nxf5 {[%clk 00:15:56]} {[%emt
00:00:15]} Qxf5 {[%clk 00:11:19]} {[%emt 00:00:08]} 35. Qd2 {[%clk 00:16:00]}
{[%emt 00:00:26]} Qd7 {[%clk 00:10:19]} {[%emt 00:01:30]} 36. Re2 {[%clk
00:15:57]} {[%emt 00:00:33]} Kf8 {[%clk 00:09:59]} {[%emt 00:00:51]} 37. Rd1
{[%clk 00:16:02]} {[%emt 00:00:23]} d4 {[%clk 00:07:48]} {[%emt 00:02:43]} 38.
Rde1 {[%clk 00:15:58]} {[%emt 00:00:34]} d3 {[%clk 00:07:54]} {[%emt 00:00:24]}
39. Rc1 {[%clk 00:14:54]} {[%emt 00:01:33]} dxe2 {[%clk 00:07:42]} {[%emt
00:00:43]} 40. Qxd7 {[%clk 00:15:15]} {[%emt 00:00:09]} Rxd7 {[%clk 00:07:56]}
{[%emt 00:00:16]} 41. Kxe2 {[%clk 00:15:37]} {[%emt 00:00:08]} Rd3 {[%clk
00:07:36]} {[%emt 00:00:50]} 42. Kf3 {[%clk 00:15:56]} {[%emt 00:00:10]} Rexe3+
{[%clk 00:07:41]} {[%emt 00:00:25]} 43. Kg4 {[%clk 00:16:16]} {[%emt 00:00:10]}
c3 {[%clk 00:07:53]} {[%emt 00:00:18]} 44. a4 {[%clk 00:16:24]} {[%emt
00:00:23]} Re2 {[%clk 00:07:56]} {[%emt 00:00:27]} 45. Kh3 {[%clk 00:16:43]}
{[%emt 00:00:11]} c2 {[%clk 00:08:17]} {[%emt 00:00:09]} 46. Rxc2 {[%clk
00:17:06]} {[%emt 00:00:07]} Rxc2 {[%clk 00:08:34]} {[%emt 00:00:12]} 47. Kg4
{[%clk 00:17:28]} {[%emt 00:00:08]} Ra2 {[%clk 00:08:46]} {[%emt 00:00:19]} 48.
Kh4 {[%clk 00:17:39]} {[%emt 00:00:19]} Rxa4 {[%clk 00:09:08]} {[%emt
00:00:07]} 49. h3 {[%clk 00:17:48]} {[%emt 00:00:22]} Rad4 {[%clk 00:09:28]}
{[%emt 00:00:10]} 50. Kg4 {[%clk 00:18:05]} {[%emt 00:00:13]} a5 {[%clk
00:09:49]} {[%emt 00:00:09]} 51. Kh4 {[%clk 00:18:09]} {[%emt 00:00:25]} a4
{[%clk 00:09:44]} {[%emt 00:00:36]} 52. g4 {[%clk 00:18:23]} {[%emt 00:00:15]}
a3 {[%clk 00:10:11]} {[%emt 00:00:05]} 53. Kh5 {[%clk 00:18:45]} {[%emt
00:00:07]} Rxh3# {[%clk 00:10:10]} {[%emt 00:00:31]} 0-1

[Event "DEM U10w 2023"]
[Site "Willingen GER"]
[Date "2023.06.02"]
[Round "9"]
[White "Gubler, Sarah"]
[Black "Greither, Flora"]
[Result "1-0"]
[Termination "normal"]
[Board "13"]
[WhiteElo "1139"]
[BlackElo "978"]
[WhiteClock "00:51:46"]
[BlackClock "00:53:47"]
[PlyCount "85"]
[BlackFideId "533000697"]
[EventCountry "GER"]
[EventRounds "11"]
[EventType "swiss"]
[EventDate "2023.05.27"]

1. e4 {[%clk 01:15:52]} {[%emt 00:00:05]} e5 {[%clk 01:15:55]} {[%emt
00:00:06]} 2. Nf3 {[%clk 01:16:18]} {[%emt 00:00:05]} d6 {[%emt 00:01:58]} 3.
d4 {[%clk 01:14:56]} Be7 {[%clk 01:15:25]} {[%emt 00:01:22]} 4. Bc4 {[%clk
01:14:04]} {[%emt 00:01:22]} Bg4 {[%clk 01:15:43]} {[%emt 00:00:13]} 5. dxe5
{[%clk 01:09:49]} {[%emt 00:04:44]} dxe5 {[%clk 01:15:58]} {[%emt 00:00:14]} 6.
Qxd8+ {[%clk 01:09:37]} {[%emt 00:00:42]} Bxd8 {[%clk 01:16:21]} {[%emt
00:00:09]} 7. Nxe5 {[%clk 01:09:37]} {[%emt 00:00:29]} Bh5 {[%clk 01:16:30]}
{[%emt 00:00:22]} 8. Bd5 {[%clk 01:06:45]} {[%emt 00:03:21]} Nf6 {[%clk
01:16:28]} {[%emt 00:00:32]} 9. Bxb7 {[%clk 01:06:33]} {[%emt 00:00:43]} O-O
{[%clk 01:15:30]} {[%emt 00:01:27]} 10. Bxa8 {[%clk 01:06:31]} {[%emt
00:00:32]} Re8 {[%clk 01:14:39]} {[%emt 00:01:20]} 11. Bf4 {[%clk 01:05:05]}
{[%emt 00:01:55]} Re6 {[%clk 01:12:11]} {[%emt 00:02:59]} 12. Nd2 {[%clk
01:01:56]} {[%emt 00:03:39]} c6 {[%clk 01:10:26]} {[%emt 00:02:15]} 13. Ndf3
{[%clk 00:55:45]} {[%emt 00:06:41]} Nxe4 {[%clk 01:09:34]} {[%emt 00:01:22]}
14. O-O-O {[%clk 00:54:31]} {[%emt 00:01:44]} Bf6 {[%clk 01:09:36]} {[%emt
00:00:28]} 15. Rhe1 {[%clk 00:51:23]} {[%emt 00:03:37]} Nxf2 {[%clk 01:09:29]}
{[%emt 00:00:36]} 16. Rd2 {[%clk 00:51:17]} {[%emt 00:00:38]} Ng4 {[%clk
01:08:41]} {[%emt 00:01:18]} 17. Red1 {[%clk 00:50:37]} {[%emt 00:01:10]} Re8
{[%clk 01:03:33]} {[%emt 00:05:39]} 18. Nxc6 {[%clk 00:47:47]} {[%emt
00:03:20]} h6 {[%clk 01:02:00]} {[%emt 00:02:02]} 19. Nxb8 {[%clk 00:47:38]}
{[%emt 00:00:39]} Ne5 {[%clk 01:01:24]} {[%emt 00:01:05]} 20. Bxe5 {[%clk
00:47:21]} {[%emt 00:00:48]} Bxe5 {[%clk 01:01:40]} {[%emt 00:00:14]} 21. Rd8
{[%clk 00:47:30]} {[%emt 00:00:20]} f6 {[%clk 00:59:49]} {[%emt 00:02:22]} 22.
Rxe8+ {[%clk 00:47:37]} {[%emt 00:00:23]} Bxe8 {[%clk 01:00:00]} {[%emt
00:00:19]} 23. Nxe5 {[%clk 00:47:55]} {[%emt 00:00:12]} fxe5 {[%clk 01:00:11]}
{[%emt 00:00:19]} 24. Rd8 {[%clk 00:48:03]} {[%emt 00:00:21]} Kf8 {[%clk
00:59:52]} {[%emt 00:00:48]} 25. Bc6 {[%clk 00:48:26]} {[%emt 00:00:07]} Ke7
{[%clk 00:57:49]} {[%emt 00:02:34]} 26. Rxe8+ {[%clk 00:48:48]} {[%emt
00:00:08]} Kf6 {[%clk 00:57:22]} {[%emt 00:01:00]} 27. c4 {[%clk 00:49:06]}
{[%emt 00:00:08]} Kf7 {[%clk 00:57:13]} {[%emt 00:00:41]} 28. c5 {[%clk
00:49:21]} {[%emt 00:00:15]} Kf6 {[%clk 00:57:17]} {[%emt 00:00:26]} 29. Bd7
{[%clk 00:49:40]} {[%emt 00:00:11]} Kf7 {[%clk 00:57:20]} {[%emt 00:00:27]} 30.
c6 {[%clk 00:49:57]} {[%emt 00:00:13]} Kf6 {[%clk 00:56:53]} {[%emt 00:00:57]}
31. c7 {[%clk 00:50:18]} {[%emt 00:00:10]} Kg6 {[%clk 00:56:24]} {[%emt
00:00:59]} 32. Bf5+ {[%clk 00:50:33]} {[%emt 00:00:15]} Kxf5 {[%clk 00:56:34]}
{[%emt 00:00:20]} 33. c8=Q+ {[%clk 00:50:51]} {[%emt 00:00:12]} Ke4 {[%clk
00:56:46]} {[%emt 00:00:18]} 34. Rf8 {[%clk 00:51:03]} {[%emt 00:00:16]} Kd5
{[%clk 00:56:22]} {[%emt 00:00:57]} 35. Qc6+ {[%clk 00:51:21]} {[%emt
00:00:11]} Kd4 {[%clk 00:56:38]} {[%emt 00:00:15]} 36. Kd2 {[%clk 00:51:10]}
{[%emt 00:00:41]} e4 {[%clk 00:55:22]} {[%emt 00:01:47]} 37. Qd7+ {[%clk
00:51:20]} {[%emt 00:00:18]} Kc5 {[%clk 00:55:18]} {[%emt 00:00:37]} 38. Na6+
{[%clk 00:51:19]} {[%emt 00:00:31]} Kb6 {[%clk 00:54:18]} {[%emt 00:01:30]} 39.
Qc7+ {[%clk 00:51:39]} {[%emt 00:00:10]} Kxa6 {[%clk 00:54:08]} {[%emt
00:00:40]} 40. Re8 {[%clk 00:51:19]} {[%emt 00:00:43]} Kb5 {[%clk 00:53:59]}
{[%emt 00:00:46]} 41. Re5+ {[%clk 00:51:26]} {[%emt 00:00:22]} Kb4 {[%clk
00:54:08]} {[%emt 00:00:21]} 42. Qc3+ {[%clk 00:51:39]} {[%emt 00:00:16]} Ka4
{[%clk 00:53:47]} {[%emt 00:00:53]} 43. Qa3# {[%clk 00:51:46]} {[%emt
00:00:19]} 1-0